00273nam a2200097Ia 4500008004100000100002000041245004400061260003100105300000800136650003100144191201s2019 xx 000 0 und d aUMAMAHESHWARI,B 0aText Book of human anatomy & Physiology bBirla PubaNew Delhic2019 a216 aHuman Anatomy & Physiology